| 000 | 00900cam a22002777a 4500 | ||
|---|---|---|---|
| 003 | CHAP | ||
| 005 | 20220329141950.0 | ||
| 008 | 981014d1994 nl r 00110 eng d | ||
| 010 | _a76379 | ||
| 011 | _a77351 | ||
| 020 | _a9054853212 | ||
| 035 | _a86956 | ||
| 040 | _cCHAP | ||
| 082 | 0 | 4 |
_a631.34 _bH4 |
| 100 | 0 | 0 |
_aHenten, E.J. van. _953647 |
| 245 | 1 | 0 |
_aGreenhouse climate management : _ban optimal control approach _c/by E. J. van Henten |
| 260 |
_a(Wageningen, The Netherlands : _bInstitute of Agricultural and Environmental Engineering, _c1994.) |
||
| 300 |
_a329 p. : _bgráfs. |
||
| 590 |
_aBATCH-UPD _b10 _c20130110 _lUCH01 _h0521 |
||
| 590 |
_aCONVERSION _b10 _c20130109 _lUCH01 _h1342 |
||
| 650 | 1 | 4 |
_aInvernaderos. _960172 |
| 901 | _aBK | ||
| 905 | _aAlejandra Carrasco M. | ||
| 942 | _cLIBRO | ||
| 949 |
_a631.34 H4 _bBC _cLIBRO _d33724000681409 _eLIBRO _gI.193274 _h93037 _i86956 _si _t$1385. |
||
| 999 |
_c76379 _d76379 |
||